书目信息 |
| 题名: |
基于非线性疲劳损伤的沥青路面结构设计与工程实践
|
|
| 作者: | 刘宏富 , 黄拓 编著 | |
| 分册: | ||
| 出版信息: | 长沙 中南大学出版社 2018 |
|
| 页数: | 176页 | |
| 开本: | 24cm | |
| 丛书名: | ||
| 单 册: | ||
| 中图分类: | U416.217 | |
| 科图分类: | ||
| 主题词: | 沥青路面--li qing lu mian--路面设计--路面衰坏--研究 , 沥青路面--li qing lu mian--道路施工--路面衰坏--研究 | |
| 电子资源: | ||
| ISBN: | 978-7-5487-1829-1 | |
| 000 | 01100nam0 2200277 45 | |
| 001 | 012001004078 | |
| 005 | 20140102104039.0 | |
| 010 | @a978-7-5487-1829-1@dCNY68.00 | |
| 099 | @aCAL 012019002050 | |
| 100 | @a20190104d2018 em y0chiy50 ea | |
| 101 | 0 | @achi |
| 102 | @aCN@b430000 | |
| 105 | @aak a 000yy | |
| 106 | @ar | |
| 200 | 1 | @a基于非线性疲劳损伤的沥青路面结构设计与工程实践@Aji yu fei xian xing pi lao sun shang de li qing lu mian jie gou she ji yu gong cheng shi jian@f刘宏富, 黄拓编著 |
| 210 | @a长沙@c中南大学出版社@d2018 | |
| 215 | @a176页@c图@d24cm | |
| 320 | @a有书目 (第172-176页) | |
| 330 | @a本书共分7章,主要包括:绪论、基于模量衰变的沥青混合料非线性疲劳损伤特性、水泥稳定碎石疲劳过程的变形特性及模量衰变规律、基于拉压不同模量水泥稳定碎石弯拉疲劳损伤特性等。 | |
| 606 | 0 | @a沥青路面@Ali qing lu mian@x路面设计@x路面衰坏@x研究 |
| 606 | 0 | @a沥青路面@Ali qing lu mian@x道路施工@x路面衰坏@x研究 |
| 690 | @aU416.217@v5 | |
| 701 | 0 | @a刘宏富@Aliu hong fu@4编著 |
| 701 | 0 | @a黄拓@Ahuang tuo@4编著 |
| 801 | @b江苏凤凰@c20191020 | |
| 905 | @b1237871-3@dU416.217@e883@f3 | |
| 基于非线性疲劳损伤的沥青路面结构设计与工程实践/刘宏富, 黄拓编著.-长沙:中南大学出版社,2018 |
| 176页:图;24cm |
| ISBN 978-7-5487-1829-1:CNY68.00 |
| 本书共分7章,主要包括:绪论、基于模量衰变的沥青混合料非线性疲劳损伤特性、水泥稳定碎石疲劳过程的变形特性及模量衰变规律、基于拉压不同模量水泥稳定碎石弯拉疲劳损伤特性等。 |
| ● |
| 相关链接 |
|
|
|
|
正题名:基于非线性疲劳损伤的沥青路面结构设计与工程实践
索取号:U416.217/883
 
预约/预借
| 序号 | 登录号 | 条形码 | 馆藏地/架位号 | 状态 | 备注 |
| 1 | 1237871 | 212378719 | 第二样本阅览室/ [索取号:U416.217/883] | 在馆 | |
| 2 | 1237872 | 212378728 | 第三借阅区/ [索取号:U416.217/883] | 在馆 | |
| 3 | 1237873 | 212378737 | 第三借阅区/ [索取号:U416.217/883] | 在馆 |